| 000 | 01874nam a2200481 i 4500 | ||
|---|---|---|---|
| 001 | 45581 | ||
| 003 | KOSZ 005 | ||
| 005 | 20210302131005.0 | ||
| 008 | 050121s2004 pl a f f |001 0 pol | ||
| 015 | _aPB 2005/1853 | ||
| 020 | _a8301142111 | ||
| 040 |
_aWA N _cWA N _dKOSZ 005/HR |
||
| 041 | 1 |
_apol _heng |
|
| 046 | _k2001 | ||
| 080 | _a575.112:004 | ||
| 080 | _a(07) | ||
| 245 | 0 | 0 |
_aBioinformatyka : _bpodręcznik do analizy genów i białek / _cpod red. A. D. Baxevanisa i B. F. F. Ouellette'a ; aut. Sharmila Banerjee-Basu [et al.] ; z jęz. ang. przeł. M. Cebrat, J. Leluk, P. Mackiewicz. |
| 246 | 1 |
_iTyt. oryg.: _aBioinformatics : _ba practical guide to the analysis of genes and proteins, _f2001. |
|
| 260 |
_aWarszawa : _bWydawnictwo Naukowe PWN, _c2004. |
||
| 300 |
_aXVI, 490, [2] s., [12] s. tabl. kolor. : _brys., wykr. ; _c24 cm. |
||
| 336 |
_2rdacontent _aTekst _btxt |
||
| 337 |
_2rdamedia _aBez urządzenia pośredniczącego _bn |
||
| 338 |
_2rdacarrier _aWolumin _bnc |
||
| 380 | _aKsiążki | ||
| 380 | _aPublikacje dydaktyczne | ||
| 385 |
_mPoziom nauczania _aSzkoły wyższe |
||
| 388 | _a2001- | ||
| 490 | 1 | _aInformatyka - Zastosowania. | |
| 504 | _aBibliogr. przy rozdz. Indeks. | ||
| 650 | 4 | _aBioinformatyka | |
| 655 | 4 | _aPodręcznik | |
| 658 | _aBiologia | ||
| 658 | _aInformatyka i technologie informacyjne | ||
| 700 | 1 |
_aBaxevanis, Andreas D. _eRedakcja |
|
| 700 | 1 |
_aCebrat, Małgorzata _eTłumaczenie |
|
| 700 | 1 |
_aLeluk, Jacek _eTłumaczenie |
|
| 700 | 1 |
_aMackiewicz, Paweł _eTłumaczenie |
|
| 700 | 1 |
_aOuellette, B. F. Francis _eRedakcja |
|
| 710 | 2 |
_aWydawnictwo Naukowe PWN _4pbl. |
|
| 830 | 0 | _aInformatyka Zastosowania | |
| 856 |
_uhttp://koha.tu.koszalin.pl/cgi-bin/koha/opac-detail.pl?biblionumber=45581 _yKatalog online BPK |
||
| 942 |
_2UKD _cKS |
||
| 999 |
_c45581 _d45581 |
||